L'autre monde, ou, Les états et empires de la lune et du soleil; (Record no. 91134)

MARC details
000 -LEADER
fixed length control field 00701cam a22002053 4500
001 - CONTROL NUMBER
control field tmp96009737
003 - CONTROL NUMBER IDENTIFIER
control field DLC
005 - DATE AND TIME OF LATEST TRANSACTION
control field 20260227112754.0
008 - FIXED-LENGTH DATA ELEMENTS--GENERAL INFORMATION
fixed length control field 081021s1947 fr a 000 1 fre
010 ## - LIBRARY OF CONGRESS CONTROL NUMBER
LC control number tmp96009737
040 ## - CATALOGING SOURCE
Original cataloging agency DLC
Transcribing agency DLC
Modifying agency DLC
050 00 - LIBRARY OF CONGRESS CALL NUMBER
Classification number 4PQ Fr 874
100 1# - MAIN ENTRY--PERSONAL NAME
Personal name Cyrano de Bergerac,
Dates associated with a name 1619-1655.
245 12 - TITLE STATEMENT
Title L'autre monde, ou, Les états et empires de la lune et du soleil;
Statement of responsibility, etc. Cyrano de Bergerac; préface d'Ernest Tisserand; illustrations de Jacqueline Charmot.
260 ## - PUBLICATION, DISTRIBUTION, ETC.
Place of publication, distribution, etc. Paris,
Name of publisher, distributor, etc. Stock,
Date of publication, distribution, etc. 1947.
300 ## - PHYSICAL DESCRIPTION
Extent 335 p.
Other physical details illus.
Dimensions 20 cm.
490 0# - SERIES STATEMENT
Series statement Voyages imaginaires ;
Volume/sequential designation 5
700 1# - ADDED ENTRY--PERSONAL NAME
Personal name Tisserand, Ernest,
Dates associated with a name 1880-
740 0# - ADDED ENTRY--UNCONTROLLED RELATED/ANALYTICAL TITLE
Uncontrolled related/analytical title Et́ats et empires de la lune et du soleil.

No items available.

Powered by Koha